| Tag |
First Indicator |
Second Indicator |
Subfields |
| LEADER |
00000cam a22000008a 4500 |
| 001 |
in00000072038 |
| 005 |
20151008062523.0 |
| 008 |
810706s1981 nyua b 00110 eng |
| 010 |
|
|
|a 81010922
|
| 020 |
|
|
|a 0124259200
|
| 035 |
|
|
|a (OCoLC)07615292
|
| 035 |
|
|
|9 AAK0396AM
|
| 039 |
0 |
|
|a 2
|b 3
|c 3
|d 3
|e 3
|
| 040 |
|
|
|a DLC
|c DLC
|d TXA
|d UtOrBLW
|
| 049 |
|
|
|a TXAM
|c [1672317]
|
| 050 |
0 |
0 |
|a HB144
|b .K7
|
| 082 |
0 |
|
|a 330/.01/5193
|2 19
|
| 100 |
1 |
|
|a Krass, Iosif Aronovich.
|
| 245 |
1 |
4 |
|a The theory of positional games, with applications in economics /
|c Iosif A. Krass, Shawkat M. Hammoudeh.
|
| 263 |
|
|
|a 8108
|
| 264 |
|
1 |
|a New York, N.Y. :
|b Academic Press,
|c 1981.
|
| 300 |
|
|
|a xii, 221 pages :
|b illustrations ;
|c 24 cm.
|
| 336 |
|
|
|a text
|b txt
|2 rdacontent
|
| 337 |
|
|
|a unmediated
|b n
|2 rdamedia
|
| 338 |
|
|
|a volume
|b nc
|2 rdacarrier
|
| 490 |
1 |
|
|a Economic theory, econometrics, and mathematical economics
|
| 500 |
|
|
|a Includes index.
|
| 504 |
|
|
|a Bibliography: pages 213-215.
|
| 650 |
|
0 |
|a Game theory.
|
| 700 |
1 |
|
|a Hammoudeh, Shawkat M.
|
| 830 |
|
0 |
|a Economic theory, econometrics, and mathematical economics.
|
| 999 |
|
|
|a MARS
|
| 999 |
f |
f |
|s 214b5a93-7930-398f-b9b9-8d5192f4097a
|i fd24383c-7595-37c4-8188-506b408c3ff1
|t 0
|
| 952 |
f |
f |
|p normal
|a Texas A&M University
|b College Station
|c Sterling C. Evans Library
|d Evans: Library Stacks
|t 0
|e HB144 .K7
|h Library of Congress classification
|i unmediated -- volume
|m A14806119325
|
| 998 |
f |
f |
|a HB144 .K7
|t 0
|l Evans: Library Stacks
|